Výživná kuchařka /

Autorka ukazuje, že zdravé jídlo nemusí být mdlé ani nudné a že tajemství toho správného stravování tkví v pestrosti, drobných změnách a chytřejších kombinacích, namísto zákazů a přísných pravidel. Výživná kuchařka nenabízí jen recepty je zábavným praktickým průvodcem, jak vařit, péct, nakupovat a s...

Celý popis

Uloženo v:
Hlavní autor: Fourová, Karolína, 1990- (Autor)
Další autoři: Fialová, Adriana (Autor)
Médium: Kniha
Jazyk:Czech
Vydáno: Praha : Euromedia Group, 2026
Vydání:Vydání první
Edice:Esence
Témata:
Celkem bylo vypůjčeno:0x
Tagy:
Žádné tagy
LEADER 02093nam a2200397 i 4500
001 106277
003 CZ PrSKC
005 20260506093232.0
007 ta
008 260429s2026 xr ac e f 001 0 cze d
020 |a 9788028407315  |q (vázáno) 
040 |a LIA001  |b cze  |e rda 
072 7 |a 641  |x Kuchařství. Potraviny. Vařená jídla  |2 Konspekt  |9 19 
080 |a 641/642  |2 MRF-sel 
100 1 |a Fourová, Karolína,  |d 1990-  |7 hka20201093874  |4 aut 
245 1 0 |a Výživná kuchařka /  |c Karolína Fourová ; fotografie Karolína Fourová, Adriana Fialová 
250 |a Vydání první 
264 1 |a Praha :  |b Euromedia Group,  |c 2026 
300 |a 349 stran :  |b barevné ilustrace, portréty ;  |c 25 cm 
336 |a text  |b txt  |2 rdacontent 
336 |a statický obraz  |b sti  |2 rdacontent 
337 |a bez média  |b n  |2 rdamedia 
338 |a svazek  |b nc  |2 rdacarrier 
490 1 |a Esence 
500 |a Obálkový podnázev: víc než recepty 
500 |a Obsahuje rejstřík 
520 2 |a Autorka ukazuje, že zdravé jídlo nemusí být mdlé ani nudné a že tajemství toho správného stravování tkví v pestrosti, drobných změnách a chytřejších kombinacích, namísto zákazů a přísných pravidel. Výživná kuchařka nenabízí jen recepty je zábavným praktickým průvodcem, jak vařit, péct, nakupovat a skládat jídla s větším pochopením. U každého receptu najdete stručné, vědecky podložené informace k používaným surovinám, výživě a chytrému výběru potravin, díky kterým budete v kuchyni jistější a kreativnější. Tohle není jen kuchařka je to nový způsob, jak vařit a jíst 
650 0 7 |a jídla  |7 ph114847  |2 czenas 
655 7 |a kuchařské recepty  |7 fd132687  |2 czenas  |9 53684 
700 1 |a Fialová, Adriana  |7 ola20191058018  |4 pht 
710 2 |a Euromedia Group  |7 kn20100114009  |4 pbl  |9 117126 
830 0 |a Esence 
910 |a UOG502 
942 |2 ddc  |c KN 
999 |d 106277 
993 |0 0  |1 421180107001  |2 ddc  |4 0  |6 641_000000000000000  |7 0  |9 99640  |b 0  |c 107001  |d 2026-05-06  |e 0  |f DOSP  |g 641  |h 599.00  |i Koupě  |l DOSP  |r 2026-05-06  |t 5  |w 2026-05-06  |y KN  |z NAUCNA  |n